PV Elements of Nutrition (Record no. 158985)

MARC details
000 -LEADER
fixed length control field 00454nam a2200193Ia 4500
003 - CONTROL NUMBER IDENTIFIER
control field OSt
005 - DATE AND TIME OF LATEST TRANSACTION
control field 20230717122611.0
008 - FIXED-LENGTH DATA ELEMENTS--GENERAL INFORMATION
fixed length control field 230519s9999 xx 000 0 und d
020 ## - INTERNATIONAL STANDARD BOOK NUMBER
International Standard Book Number 978-9381390375
041 ## - LANGUAGE CODE
Language code of text/sound track or separate title eng
082 ## - DEWEY DECIMAL CLASSIFICATION NUMBER
Classification number N/613.2/SOH/DB0163
100 ## - MAIN ENTRY--PERSONAL NAME
Personal name Sohi Darshan
245 ## - TITLE STATEMENT
Title PV Elements of Nutrition
260 ## - PUBLICATION, DISTRIBUTION, ETC. (IMPRINT)
Name of publisher, distributor, etc. S Vikas and Co
Place of publication, distribution, etc. Jalandhar
Date of publication, distribution, etc. 2012
300 ## - PHYSICAL DESCRIPTION
Extent 269p
942 ## - ADDED ENTRY ELEMENTS (KOHA)
Source of classification or shelving scheme Dewey Decimal Classification
Koha item type Donated Book
Holdings
Withdrawn status Lost status Source of classification or shelving scheme Damaged status Not for loan Home library Current library Date acquired Cost, normal purchase price Bill number Total Checkouts Full call number Barcode Date last seen Date last checked out Bill Date Koha item type Original Barcode
    Dewey Decimal Classification     Smt. Bakul Tambat Institute of Nursing Education Smt. Bakul Tambat Institute of Nursing Education 25/10/2013 245.00 401 1 N 613.2 SOH DB0163 BTIN-DB-163 04/04/2024 30/03/2024 31/10/2013 Donated Book DB0163